HAND BOOK OF ORTHOPAEDICS / (Record no. 795521)

MARC details
000 -LEADER
fixed length control field 00472pam a2200181 a 4500
020 ## - INTERNATIONAL STANDARD BOOK NUMBER
International Standard Book Number 817473
Terms of availability 110.00
041 ## - LANGUAGE CODE
Language code of text/sound track or separate title eng
Language code of original NULL
082 ## - DEWEY DECIMAL CLASSIFICATION NUMBER
Classification number 617.3
Item number PAN
100 ## - MAIN ENTRY--PERSONAL NAME
Personal name PANDA, D .
245 ## - TITLE STATEMENT
Title HAND BOOK OF ORTHOPAEDICS /
Statement of responsibility, etc. NULL.
Medium Textual Documents
260 ## - PUBLICATION, DISTRIBUTION, ETC.
Place of publication, distribution, etc. NULL :
Name of publisher, distributor, etc. ALL INDIA TEXT BOOKS SUPP. (A.T.T.B.S) ,
Date of publication, distribution, etc. 2006.
300 ## - PHYSICAL DESCRIPTION
Extent 162 :
Other physical details vii ;
Dimensions NULL .
365 ## - TRADE PRICE
Price type code 110.00
Price note 1
650 ## - SUBJECT ADDED ENTRY--TOPICAL TERM
Topical term or geographic name entry element ORTHO
907 ## - LOCAL DATA ELEMENT G, LDG (RLIN)
a 3094
930 ## - EQUIVALENCE OR CROSS-REFERENCE-UNIFORM TITLE HEADING [LOCAL, CANADA]
Uniform title 985
Holdings
Withdrawn status Lost status Damaged status Not for loan Home library Current library Date acquired Cost, normal purchase price Total Checkouts Full call number Barcode Date last seen Copy number Price effective from Koha item type
        Medical College & Hospital, Sangli Medical College & Hospital, Sangli 28/11/2011 110.00   617.3 PAN MCS-3094 26/07/2023 2 26/07/2023 Book
        Medical College & Hospital, Sangli Medical College & Hospital, Sangli 28/11/2011 110.00   617.3 PAN MCS-3093 26/07/2023 1 26/07/2023 Book